Central Library OPAC University of Rajshahi

The theory of drama in the Restoration period./ (Record no. 77464)

MARC details
000 -LEADER
fixed length control field 00904cam a22002891 4500
001 - CONTROL NUMBER
control field 77464
003 - CONTROL NUMBER IDENTIFIER
rucl marc code BD-RjUL
005 - DATE AND TIME OF LATEST TRANSACTION
control field 20211209082956.0
008 - FIXED-LENGTH DATA ELEMENTS--GENERAL INFORMATION
fixed length control field 200922s1963 ii 000 0 eng
035 ## - SYSTEM CONTROL NUMBER
System control number (BD-RjUL)77689
System control number (OCoLC)2742935
040 ## - CATALOGING SOURCE
Original cataloging agency DLC
Transcribing agency OAU
Modifying agency DLC
Language of cataloging eng
041 ## - LANGUAGE CODE
Language code of text/sound track or separate title eng
082 ## - DEWEY DECIMAL CLASSIFICATION NUMBER
Edition number 19
Classification number 822.09
Author mark and year SIT 1963
100 1# - MAIN ENTRY--PERSONAL NAME
Personal name Singh, Sarup.
9 (RLIN) 241519
245 14 - TITLE STATEMENT
Title The theory of drama in the Restoration period./
Statement of responsibility, etc. Sarup sing
260 ## - PUBLICATION, DISTRIBUTION, ETC. (IMPRINT)
Place of publication, distribution, etc. Bombay :
Name of publisher, distributor, etc. Orient Longmans ,
Date of publication, distribution, etc. [1963]
300 ## - PHYSICAL DESCRIPTION
Pagination xii, 299 p. ;
Size 22 cm.
500 ## - GENERAL NOTE
General note Includes index.
504 ## - BIBLIOGRAPHY, ETC. NOTE
Bibliography, etc Bibliographical footnotes.
650 #0 - SUBJECT ADDED ENTRY--TOPICAL TERM
Topical term or geographic name as entry element English drama
General subdivision Restoration, 1660-1700
-- History and criticism.
9 (RLIN) 241520
Topical term or geographic name as entry element Criticism
Geographic subdivision Great Britain
General subdivision History
Chronological subdivision 17th century.
9 (RLIN) 241521
906 ## - LOCAL DATA ELEMENT F, LDF (RLIN)
a 7
b cbc
c oclcrpl
d u
e ncip
f 19
g y-gencatlg
942 ## - ADDED ENTRY ELEMENTS (KOHA)
Source of classification or shelving scheme Dewey Decimal Classification
Koha item type Books
Holdings
Lost status Source of classification or shelving scheme Damaged status Not for loan Collection code Permanent Location Current Location Shelving location Date acquired Source of acquisition Cost, normal purchase price Total Checkouts Full call number Date last seen Copy number Koha item type
  Dewey Decimal Classification   Not For Loan Non-fiction Central Library, University of Rajshahi Central Library, University of Rajshahi Reading Room 09/11/1964 mohiuddin & sons 20.44   822.09 SIT 1963 23/09/2020 C-1 Books